|
|
|
|
| LEADER |
00000naa2a2200000 4500 |
| 001 |
74055 |
| 005 |
20231031084857.0 |
| 035 |
|
|
|a (RuTPU)RU\TPU\book\78988
|
| 090 |
|
|
|a 74055
|
| 100 |
|
|
|a 20050228d2000 k y0rusy50 ca
|
| 101 |
0 |
|
|a rus
|
| 102 |
|
|
|a RU
|
| 200 |
1 |
|
|a Новая философская парадигма в системе образования
|f С. Н. Герасенова
|
| 463 |
|
1 |
|0 (RuTPU)RU\TPU\book\14603
|t Проблемы и практика инженерного образования. Высшее техническое образование: Качество и интернационализация
|o труды IV Международной научно-практической конференции, 14-17 марта 2000 г., г. Томск
|f Томский политехнический университет
|v С. 23
|d 2000
|p 190 с.
|
| 610 |
1 |
|
|a образование
|
| 610 |
1 |
|
|a системы
|
| 610 |
1 |
|
|a философская парадигма
|
| 610 |
1 |
|
|a информационное общество
|
| 610 |
1 |
|
|a демократизация
|
| 610 |
1 |
|
|a Томский политехнический университет
|
| 610 |
1 |
|
|a труды учёных ТПУ
|
| 700 |
|
1 |
|a Герасенова
|b С. Н.
|
| 801 |
|
1 |
|a RU
|b 63413507
|c 20050228
|g PSBO
|
| 801 |
|
2 |
|a RU
|b 63413507
|c 20160219
|g PSBO
|
| 942 |
|
|
|c BK
|